[Event "Fagernes International 2022"]
[Site "Fagernes"]
[Date "2022.04.10"]
[Round "1.1"]
[White "Andersen, Martin K"]
[Black "Donchenko, Olga"]
[Result "1/2-1/2"]
[WhiteElo "1558"]
[BlackElo "2057"]
[Annotator "RC"]
[PlyCount "119"]
[EventDate "2022.04.10"]
[EventCountry "NOR"]
[SourceTitle "playchess.com"]
[Source "ChessBase"]
[SourceQuality "1"]

1. d4 {[%emt 0:00:05]} d5 {[%emt 0:00:15]} 2. c4 {[%emt 0:00:03]} dxc4 {[%emt 0:00:11]} 3. e3 {[%emt 0:00:05]} Nf6 {[%emt 0:00:16]} 4. Bxc4 {[%emt 0:00:06]} e6 {[%emt 0:00:22]} 5. Nf3 {[%emt 0:00:14]} c5 {[%emt 0:00:30]} 6. Nc3 {[%emt 0:03:38]} a6 {[%emt 0:02:54]} 7. a4 {[%emt 0:02:34]} Nc6 {[%emt 0:00:53]} 8. O-O {[%emt 0:01:30]} Qc7 {[%emt 0:01:28]} 9. d5 {[%emt 0:02:42]} exd5 {[%emt 0:00:45]} 10. Nxd5 {[%emt 0:00:35]} Nxd5 {[%emt 0:00:33]} 11. Bxd5 {[%emt 0:00:04]} Be7 {[%emt 0:02:04]} 12. b3 {[%emt 0:03:40]} Bf6 {[%emt 0:01:51]} 13. Rb1 {[%emt 0:01:01]} O-O {[%emt 0:07:49]} 14. Bb2 {[%emt 0:03:57]} Bxb2 {[%emt 0:05:02]} 15. Rxb2 {[%emt 0:00:04]} Bg4 {[%emt 0:02:15]} 16. Bxc6 {[%emt 0:09:53]} Qxc6 {[%emt 0:09:10]} 17. Ne5 {[%emt 0:06:12]} Qf6 {[%emt 0:08:15]} 18. Qxg4 {[%emt 0:01:52]} Qxe5 {[%emt 0:00:13]} 19. Rd2 {[%emt 0:08:28]} Qc3 {[%emt 0:03:28]} 20. Qd1 {[%emt 0:00:27]} b5 {[%emt 0:03:20]} 21. Qc2 {[%emt 0:05:31]} Qxc2 {[%emt 0:16:54]} 22. Rxc2 {[%emt 0:00:05]} Rac8 {[%emt 0:01:07]} 23. Rfc1 {[%emt 0:01:13]} Rfd8 {[%emt 0:04:45]} 24. Kf1 {[%emt 0:01:18]} c4 {[%emt 0:00:56]} 25. axb5 {[%emt 0:03:55]} axb5 {[%emt 0:00:59]} 26. bxc4 {[%emt 0:00:06]} bxc4 {[%emt 0:02:01]} 27. Rxc4 {[%emt 0:00:23]} Rxc4 {[%emt 0:00:08]} 28. Rxc4 {[%emt 0:00:06]} h5 {[%emt 0:02:08]} 29. Ke2 {[%emt 0:04:19]} g6 {[%emt 0:02:14]} 30. h4 {[%emt 0:01:39]} Kg7 {[%emt 0:00:36]} 31. Rf4 {[%emt 0:03:54]} Rd7 {[%emt 0:02:25]} 32. Kf3 {[%emt 0:01:33]} Ra7 {[%emt 0:01:11]} 33. g4 {[%emt 0:10:11]} hxg4+ {[%emt 0:03:57]} 34. Rxg4 {[%emt 0:03:28]} Kf6 {[%emt 0:03:49]} 35. Rf4+ {[%emt 0:01:26]} Kg7 {[%emt 0:02:28]} 36. Kg4 {[%emt 0:02:51]} Ra5 {[%emt 0:00:56]} 37. Rc4 {[%emt 0:02:09]} Kf6 {[%emt 0:04:07]} 38. Re4 {[%emt 0:11:09]} Kg7 {[%emt 0:04:51]} 39. Re7 {[%emt 0:02:16]} Kf6 {[%emt 0:01:14]} 40. Re8 {[%emt 0:02:50]} Ra1 {[%emt 0:03:04]} 41. Re4 {[%emt 0:11:40]} Kg7 {[%emt 0:01:12]} 42. Rd4 {[%emt 0:00:25]} Ra5 {[%emt 0:01:54]} 43. e4 {[%emt 0:00:59]} Ra1 {[%emt 0:00:56]} 44. Rd3 {[%emt 0:00:53]} Re1 {[%emt 0:03:18]} 45. f3 {[%emt 0:05:37]} Rg1+ {[%emt 0:00:36]} 46. Kh3 {[%emt 0:03:04]} Rh1+ {[%emt 0:00:52]} 47. Kg3 {[%emt 0:00:08]} Rg1+ {[%emt 0:00:44]} 48. Kh2 {[%emt 0:00:09]} Re1 {[%emt 0:00:18]} 49. Rd2 {[%emt 0:00:25]} Kf6 {[%emt 0:00:40]} 50. Kg3 {[%emt 0:01:16]} Rg1+ {[%emt 0:01:50]} 51. Rg2 {[%emt 0:02:37]} Re1 {[%emt 0:00:36]} 52. Kf4 {[%emt 0:02:00]} Rh1 {[%emt 0:01:03]} 53. Kg3 {[%emt 0:05:27]} Re1 {[%emt 0:00:58]} 54. Rh2 {[%emt 0:00:25]} Ra1 {[%emt 0:07:35]} 55. h5 {[%emt 0:01:30]} gxh5 {[%emt 0:00:11]} 56. Rxh5 {[%emt 0:00:04]} Ke6 {[%emt 0:02:51]} 57. Kf4 {[%emt 0:00:25]} Ra4 {[%emt 0:02:21]} 58. Rh6+ {[%emt 0:00:32]} f6 {[%emt 0:02:40]} 59. Rh5 {[%emt 0:00:23]} Rb4 {[%emt 0:00:52]} 60. Ra5 {[%emt 0:01:14]} 1/2-1/2

[Event "Fagernes International 2022"]
[Site "Fagernes"]
[Date "2022.04.10"]
[Round "1.2"]
[White "Lund, Terje"]
[Black "Langvik, Ulrikke"]
[Result "1-0"]
[WhiteElo "2020"]
[BlackElo "1579"]
[Annotator "NA RC"]
[PlyCount "47"]
[EventDate "2022.04.10"]
[EventCountry "NOR"]
[SourceTitle "playchess.com"]
[Source "ChessBase"]
[SourceQuality "1"]

1. Nf3 {[%emt 0:00:22]} d5 {[%emt 0:00:11]} 2. c4 {[%emt 0:00:43]} Nf6 {[%emt 0:01:55]} 3. cxd5 {[%emt 0:02:56]} g6 {[%emt 0:05:47]} 4. e4 {[%emt 0:02:16]} Bg7 {[%emt 0:06:47]} 5. Nc3 {[%emt 0:01:14]} O-O {[%emt 0:01:41]} 6. Be2 {[%emt 0:06:58]} c6 $16 {[%emt 0:07:17]} 7. dxc6 {[%emt 0:01:46]} Nxc6 {[%emt 0:00:09]} 8. d4 {[%emt 0:00:41]} Bg4 {[%emt 0:17:12]} 9. Be3 {[%emt 0:05:43]} Rc8 {[%emt 0:05:31]} 10. O-O {[%emt 0:03:00]} Nd7 {[%emt 0:24:09]} 11. Rc1 {[%emt 0:16:05]} Nb6 {[%emt 0:03:16]} 12. e5 {[%emt 0:15:32]} f6 {[%emt 0:08:36]} 13. exf6 {[%emt 0:03:34]} Bxf6 {[%emt 0:00:11]} 14. Ne4 {[%emt 0:06:04]} Bg7 {[%emt 0:09:07]} 15. Nc5 {[%emt 0:02:40]} Rf7 {[%emt 0:08:50]} 16. Ng5 {[%emt 0:02:22]} Bxe2 {[%emt 0:01:23]} 17. Nxf7 {[%emt 0:00:54]} Kxf7 {[%emt 0:00:48]} 18. Qxe2 {[%emt 0:00:12]} Nxd4 {[%emt 0:01:13]} 19. Bxd4 {[%emt 0:01:54]} Qxd4 {[%emt 0:00:49]} 20. Qe6+ {[%emt 0:08:01]} Kf8 {[%emt 0:00:44]} 21. Nd7+ {[%emt 0:01:56]} Ke8 {[%emt 0:01:21]} 22. Nxb6 {[%emt 0:00:17]} Rxc1 {[%emt 0:00:59]} 23. Rxc1 {[%emt 0:00:19]} Qxb6 {[%emt 0:01:38]} 24. Rc8+ {[%emt 0:00:09]} 1-0

[Event "Fagernes International 2022"]
[Site "Fagernes"]
[Date "2022.04.10"]
[Round "1.3"]
[White "Hellesoy, David"]
[Black "Aarnes, Eirik"]
[Result "0-1"]
[WhiteElo "1561"]
[BlackElo "1964"]
[Annotator "RC"]
[PlyCount "54"]
[EventDate "2022.04.10"]
[EventCountry "NOR"]
[SourceTitle "playchess.com"]
[Source "ChessBase"]
[SourceQuality "1"]

1. e4 {[%emt 0:00:04]} c6 {[%emt 0:00:23]} 2. d4 {[%emt 0:00:07]} d5 {[%emt 0:00:03]} 3. Nc3 {[%emt 0:00:11]} dxe4 {[%emt 0:00:08]} 4. Nxe4 {[%emt 0:00:07]} Nf6 {[%emt 0:00:39]} 5. Nxf6+ {[%emt 0:00:07]} exf6 {[%emt 0:00:05]} 6. c3 {[%emt 0:00:18]} Bd6 {[%emt 0:01:11]} 7. Bd3 {[%emt 0:00:12]} O-O {[%emt 0:00:07]} 8. Qc2 {[%emt 0:00:06]} Re8+ {[%emt 0:00:05]} 9. Ne2 {[%emt 0:00:07]} h5 {[%emt 0:00:12]} 10. Be3 {[%emt 0:00:17]} Nd7 {[%emt 0:00:22]} 11. O-O-O {[%emt 0:00:17]} Nf8 {[%emt 0:00:30]} 12. Kb1 {[%emt 0:00:27]} Be6 {[%emt 0:00:49]} 13. c4 {[%emt 0:00:25]} Rc8 {[%emt 0:05:54]} 14. Nc3 {[%emt 0:01:26]} b5 {[%emt 0:02:50]} 15. cxb5 {[%emt 0:20:33]} cxb5 {[%emt 0:01:50]} 16. Bxb5 {[%emt 0:01:34]} Bb4 {[%emt 0:21:35]} 17. Qa4 {[%emt 0:14:04]} Bxc3 {[%emt 0:01:56]} 18. bxc3 {[%emt 0:07:38]} Nd7 {[%emt 0:14:12]} 19. d5 {[%emt 0:11:22]} Bf5+ {[%emt 0:00:22]} 20. Kb2 {[%emt 0:03:59]} Nb6 {[%emt 0:08:25]} 21. Qf4 {[%emt 0:16:54]} Bd7 {[%emt 0:01:29]} 22. c4 {[%emt 0:13:27]} Bxb5 {[%emt 0:00:06]} 23. cxb5 {[%emt 0:00:09]} Nc4+ {[%emt 0:00:06]} 24. Ka1 {[%emt 0:01:43]} Qa5 {[%emt 0:00:58]} 25. Rd3 {[%emt 0:02:14]} Na3 {[%emt 0:05:58]} 26. Kb2 {[%emt 0:04:55]} Rc2+ {[%emt 0:01:29]} 27. Kb3 {[%emt 0:01:05]} Qxb5+ {[%emt 0:03:32]} 0-1

[Event "Fagernes International 2022"]
[Site "Fagernes"]
[Date "2022.04.10"]
[Round "1.4"]
[White "Flatebo, Hallvard Haug"]
[Black "Andersen, Edvard"]
[Result "0-1"]
[WhiteElo "1886"]
[BlackElo "1534"]
[Annotator "NA RC"]
[PlyCount "80"]
[EventDate "2022.04.10"]
[EventCountry "NOR"]
[SourceTitle "playchess.com"]
[Source "ChessBase"]
[SourceQuality "1"]

1. d4 Nc6 {[%emt 0:00:10]} 2. c4 {[%emt 0:00:12]} Nf6 {[%emt 0:00:07]} 3. Nf3 {[%emt 0:00:07]} e6 {[%emt 0:00:13]} 4. a3 {[%emt 0:00:08]} Ne7 {[%emt 0:03:46]} 5. Nc3 {[%emt 0:08:23]} Ng6 {[%emt 0:01:43]} 6. e4 {[%emt 0:00:51]} d6 {[%emt 0:01:19]} 7. h3 {[%emt 0:04:31]} e5 {[%emt 0:02:40]} 8. Be3 {[%emt 0:02:55]} exd4 {[%emt 0:06:56]} 9. Nxd4 {[%emt 0:00:24]} Be7 {[%emt 0:06:55]} 10. g4 {[%emt 0:04:49]} Nd7 {[%emt 0:14:10]} 11. Nf5 {[%emt 0:22:10]} O-O {[%emt 0:01:20]} 12. Be2 {[%emt 0:05:16]} Re8 {[%emt 0:09:14]} 13. Qc2 {[%emt 0:08:05]} Nde5 {[%emt 0:13:59]} 14. Nd5 {[%emt 0:05:05]} Bxf5 {[%emt 0:03:46]} 15. gxf5 {[%emt 0:02:26]} Nh4 {[%emt 0:00:08]} 16. O-O-O {[%emt 0:00:49]} c6 {[%emt 0:05:29]} 17. Nf4 {[%emt 0:00:50]} Qa5 {[%emt 0:04:50]} 18. Rhg1 {[%emt 0:03:06]} b5 {[%emt 0:03:01]} 19. Nh5 {[%emt 0:05:45]} g6 {[%emt 0:00:17]} 20. fxg6 {[%emt 0:04:47]} hxg6 {[%emt 0:00:29]} 21. f4 {[%emt 0:01:02]} Nxc4 {[%emt 0:00:26]} 22. Bxc4 {[%emt 0:00:34]} bxc4 {[%emt 0:00:05]} 23. Bd4 {[%emt 0:01:27]} Qxh5 {[%emt 0:00:27]} 24. Rg4 {[%emt 0:03:04]} d5 {[%emt 0:03:59]} 25. f5 {[%emt 0:00:34]} dxe4 {[%emt 0:02:14]} 26. fxg6 {[%emt 0:00:25]} Nxg6 {[%emt 0:00:38]} 27. Qxc4 {[%emt 0:00:31]} Rad8 {[%emt 0:03:25]} 28. Qe2 {[%emt 0:08:18]} c5 {[%emt 0:01:01]} 29. Rdg1 {[%emt 0:01:13]} cxd4 {[%emt 0:02:23]} 30. Rxg6+ {[%emt 0:00:11]} Qxg6 {[%emt 0:00:02]} 31. Rxg6+ {[%emt 0:00:21]} fxg6 {[%emt 0:00:04]} 32. Kd1 {[%emt 0:01:10]} Bf6 {[%emt 0:02:18]} 33. Qc4+ {[%emt 0:01:07]} Kh7 {[%emt 0:00:52]} 34. h4 {[%emt 0:00:38]} e3 {[%emt 0:08:32]} 35. Qf7+ {[%emt 0:00:07]} Bg7 {[%emt 0:00:05]} 36. h5 {[%emt 0:00:11]} e2+ {[%emt 0:01:01]} 37. Ke1 {[%emt 0:00:03]} gxh5 {[%emt 0:00:15]} 38. Qf5+ {[%emt 0:00:48]} Kg8 {[%emt 0:00:06]} 39. Qd3 {[%emt 0:00:12]} Rc8 {[%emt 0:01:04]} 40. Qb3+ {[%emt 0:01:37]} Kh8 {[%emt 0:00:13]} 0-1

[Event "Fagernes International 2022"]
[Site "Fagernes"]
[Date "2022.04.10"]
[Round "1.5"]
[White "Johansen, Aleksander"]
[Black "Johannessen, Heine N"]
[Result "0-1"]
[WhiteElo "1506"]
[BlackElo "1928"]
[Annotator "NA RC"]
[PlyCount "64"]
[EventDate "2022.04.10"]
[EventCountry "NOR"]
[SourceTitle "playchess.com"]
[Source "ChessBase"]
[SourceQuality "1"]

1. d4 d5 2. c4 dxc4 3. e4 Nc6 4. Be3 e5 5. d5 Nb8 6. Bxc4 Bd6 7. Nc3 a6 8. a4 Ne7 9. Qh5 Nd7 10. Nf3 Nf6 11. Qg5 Ng6 12. h4 h6 13. Qg3 Nh5 14. Qh2 Bd7 15. a5 O-O 16. g3 b6 17. axb6 cxb6 18. O-O b5 19. Be2 Nf6 20. Nd2 Ng4 21. Bxg4 Bxg4 22. f3 Bd7 23. Qf2 Qe7 24. Nb3 Rfc8 25. Ra5 Bb4 26. d6 Qxd6 27. Rd1 Qe6 28. Qc2 Bxa5 29. Nxa5 b4 30. Qd2 bxc3 31. Qxd7 c2 {[%emt 24:48:40]} 32. Rd6 c1=Q+ {[%emt 0:01:40]} 0-1

[Event "Fagernes International 2022"]
[Site "Fagernes"]
[Date "2022.04.10"]
[Round "1.6"]
[White "Fiskaaen, Martin Holten"]
[Black "Stenseng, Benjamin"]
[Result "1-0"]
[WhiteElo "1880"]
[BlackElo "1578"]
[Annotator "NA RC"]
[PlyCount "71"]
[EventDate "2022.04.10"]
[EventCountry "NOR"]
[SourceTitle "playchess.com"]
[Source "ChessBase"]
[SourceQuality "1"]

1. d4 {[%emt 0:00:08]} Nf6 {[%emt 0:00:05]} 2. c4 {[%emt 0:00:10]} c5 {[%emt 0:00:04]} 3. d5 {[%emt 0:00:07]} e6 {[%emt 0:00:12]} 4. Nc3 {[%emt 0:00:18]} exd5 {[%emt 0:00:05]} 5. cxd5 {[%emt 0:00:12]} d6 {[%emt 0:00:06]} 6. e4 {[%emt 0:00:12]} g6 {[%emt 0:00:05]} 7. Bf4 {[%emt 0:00:30]} a6 {[%emt 0:00:33]} 8. a4 {[%emt 0:00:12]} Bg7 {[%emt 0:00:09]} 9. Nf3 {[%emt 0:01:54]} Bg4 {[%emt 0:02:01]} 10. Be2 {[%emt 0:00:28]} Bxf3 {[%emt 0:00:46]} 11. Bxf3 {[%emt 0:00:19]} O-O {[%emt 0:01:40]} 12. O-O {[%emt 0:00:24]} Qc7 {[%emt 0:05:07]} 13. Re1 {[%emt 0:03:46]} Nbd7 {[%emt 0:00:56]} 14. Be2 {[%emt 0:12:44]} Rfe8 {[%emt 0:02:57]} 15. f3 {[%emt 0:03:59]} Nh5 {[%emt 0:03:34]} 16. Bd2 {[%emt 0:08:46]} Bd4+ {[%emt 0:06:55]} 17. Kh1 {[%emt 0:01:11]} Qd8 {[%emt 0:04:03]} 18. g3 {[%emt 0:10:10]} Rb8 {[%emt 0:20:12]} 19. Kg2 {[%emt 0:04:28]} Ng7 {[%emt 0:04:01]} 20. Qc2 {[%emt 0:06:26]} f5 {[%emt 0:12:24]} 21. exf5 Nxf5 22. Bd3 Nh4+ 23. gxh4 Qxh4 24. Rf1 Re5 25. Be1 Rg5+ 26. Bg3 Nf6 27. Ne4 {[%emt 0:43:01]} Nxe4 {[%emt 0:01:16]} 28. fxe4 {[%emt 0:03:51]} Be5 {[%emt 0:02:51]} 29. Rf3 {[%emt 0:03:30]} Rc8 {[%emt 0:04:05]} 30. Raf1 {[%emt 0:03:18]} c4 {[%emt 0:03:15]} 31. Qf2 {[%emt 0:03:39]} cxd3 {[%emt 0:03:08]} 32. Rf8+ {[%emt 0:00:23]} Kg7 {[%emt 0:00:06]} 33. Rxc8 {[%emt 0:00:27]} Qxe4+ {[%emt 0:01:01]} 34. Qf3 {[%emt 0:00:27]} Qxf3+ {[%emt 0:00:29]} 35. Rxf3 {[%emt 0:00:38]} d2 {[%emt 0:00:52]} 36. Rd3 {[%emt 0:00:13]} 1-0

[Event "Fagernes International 2022"]
[Site "Fagernes"]
[Date "2022.04.10"]
[Round "1.7"]
[White "Hina, Ariza"]
[Black "Reinhardt, Johannes"]
[Result "1/2-1/2"]
[WhiteElo "1547"]
[BlackElo "1893"]
[Annotator "NA RC"]
[PlyCount "90"]
[EventDate "2022.04.10"]
[EventCountry "NOR"]
[SourceTitle "playchess.com"]
[Source "ChessBase"]
[SourceQuality "1"]

1. e4 {[%emt 0:00:03]} Nc6 {[%emt 0:00:22]} 2. Nc3 {[%emt 0:01:22]} e5 {[%emt 0:00:58]} 3. f4 {[%emt 0:00:21]} d6 {[%emt 0:05:32]} 4. Nf3 {[%emt 0:01:00]} Bg4 {[%emt 0:06:19]} 5. Bb5 {[%emt 0:03:48]} Nf6 {[%emt 0:07:55]} 6. d3 {[%emt 0:08:13]} Be7 {[%emt 0:06:11]} 7. h3 {[%emt 0:05:46]} Bxf3 {[%emt 0:09:42]} 8. Qxf3 {[%emt 0:00:09]} O-O {[%emt 0:09:04]} 9. Bc4 {[%emt 0:21:15]} Nd4 {[%emt 0:02:50]} 10. Qf2 {[%emt 0:03:17]} c6 {[%emt 0:09:25]} 11. Be3 {[%emt 0:20:55]} b5 {[%emt 0:07:12]} 12. Bb3 {[%emt 0:03:13]} a5 {[%emt 0:03:24]} 13. a4 {[%emt 0:01:48]} Nxb3 {[%emt 0:00:57]} 14. cxb3 {[%emt 0:00:11]} Nh5 {[%emt 0:09:26]} 15. O-O {[%emt 0:04:27]} exf4 {[%emt 0:05:14]} 16. Bb6 {[%emt 0:09:23]} Qd7 {[%emt 0:02:07]} 17. axb5 {[%emt 0:00:59]} Bf6 {[%emt 0:04:43]} 18. bxc6 {[%emt 0:03:58]} Qxc6 {[%emt 0:01:06]} 19. Nd5 {[%emt 0:00:40]} Rab8 {[%emt 0:05:06]} 20. Rfc1 {[%emt 0:07:34]} Qb5 {[%emt 0:01:27]} 21. Bc7 {[%emt 0:06:11]} Qxd3 {[%emt 0:01:50]} 22. Nxf6+ {[%emt 0:00:32]} Nxf6 {[%emt 0:00:10]} 23. Bxb8 {[%emt 0:00:06]} Rxb8 {[%emt 0:02:03]} 24. Rxa5 {[%emt 0:04:21]} Qxb3 {[%emt 0:00:58]} 25. Rca1 {[%emt 0:00:29]} Nxe4 {[%emt 0:01:14]} 26. Qxf4 {[%emt 0:00:20]} Qb6+ {[%emt 0:01:49]} 27. Kh2 {[%emt 0:00:17]} Nf6 {[%emt 0:01:03]} 28. b4 {[%emt 0:01:24]} h6 {[%emt 0:00:32]} 29. Ra8 {[%emt 0:00:40]} Qb7 {[%emt 0:02:17]} 30. Rxb8+ {[%emt 0:00:40]} Qxb8 {[%emt 0:00:03]} 31. Rb1 {[%emt 0:00:08]} Nh5 {[%emt 0:00:39]} 32. Qe3 {[%emt 0:01:23]} d5+ {[%emt 0:00:14]} 33. Kg1 {[%emt 0:00:05]} Ng3 {[%emt 0:00:37]} 34. Kf2 {[%emt 0:00:26]} Ne4+ {[%emt 0:00:21]} 35. Kg1 {[%emt 0:01:05]} Ng3 {[%emt 0:00:16]} 36. b5 {[%emt 0:00:34]} d4 {[%emt 0:00:11]} 37. Qd3 {[%emt 0:00:07]} Qe5 {[%emt 0:01:58]} 38. Rb2 {[%emt 0:01:01]} Qe1+ {[%emt 0:00:23]} 39. Kh2 {[%emt 0:00:18]} Nf1+ {[%emt 0:00:24]} 40. Kg1 {[%emt 0:00:12]} Nd2+ {[%emt 0:03:12]} 41. Kh2 {[%emt 0:00:32]} Qe5+ {[%emt 0:01:06]} 42. Kg1 {[%emt 0:00:16]} Qe1+ {[%emt 0:00:51]} 43. Kh2 {[%emt 0:00:08]} Nf1+ {[%emt 0:02:50]} 44. Kg1 {[%emt 0:00:31]} Ne3+ {[%emt 0:01:21]} 45. Kh2 {[%emt 0:00:16]} Nf1+ {[%emt 0:01:03]} 1/2-1/2

[Event "Fagernes International 2022"]
[Site "Fagernes"]
[Date "2022.04.10"]
[Round "1.8"]
[White "Myagmarsuren, Evsuld"]
[Black "Lalla, Karol"]
[Result "1-0"]
[WhiteElo "1858"]
[BlackElo "1520"]
[Annotator "NA RC"]
[PlyCount "51"]
[EventDate "2022.04.10"]
[EventCountry "NOR"]
[SourceTitle "playchess.com"]
[Source "ChessBase"]
[SourceQuality "1"]

1. e4 {[%emt 0:00:02]} c6 {[%emt 0:00:24]} 2. d4 {[%emt 0:00:09]} g6 {[%emt 0:00:08]} 3. c4 {[%emt 0:01:07]} Bg7 {[%emt 0:00:18]} 4. Nc3 {[%emt 0:00:11]} e6 {[%emt 0:01:09]} 5. Nf3 {[%emt 0:00:48]} Ne7 {[%emt 0:00:28]} 6. Bg5 {[%emt 0:00:45]} O-O {[%emt 0:00:56]} 7. Qd2 {[%emt 0:00:46]} Re8 {[%emt 0:00:08]} 8. Be2 {[%emt 0:00:33]} d6 {[%emt 0:02:35]} 9. O-O {[%emt 0:01:59]} Nd7 {[%emt 0:01:12]} 10. e5 {[%emt 0:02:49]} dxe5 {[%emt 0:03:02]} 11. dxe5 {[%emt 0:00:08]} Qc7 {[%emt 0:00:45]} 12. Qf4 {[%emt 0:07:27]} Nxe5 {[%emt 0:01:10]} 13. Kh1 {[%emt 0:02:54]} Qa5 {[%emt 0:01:03]} 14. b4 {[%emt 0:02:47]} Qxb4 {[%emt 0:03:46]} 15. Nxe5 {[%emt 0:00:24]} f6 {[%emt 0:00:05]} 16. Bxf6 {[%emt 0:01:04]} Rf8 {[%emt 0:04:13]} 17. Bxe7 {[%emt 0:00:18]} Rxf4 {[%emt 0:00:22]} 18. Bxb4 {[%emt 0:00:07]} Bxe5 {[%emt 0:00:06]} 19. g3 {[%emt 0:01:39]} Rf7 {[%emt 0:01:00]} 20. Rac1 {[%emt 0:01:01]} b6 {[%emt 0:01:54]} 21. c5 {[%emt 0:01:58]} a5 {[%emt 0:00:43]} 22. Ba3 {[%emt 0:00:06]} b5 {[%emt 0:00:05]} 23. Bb2 {[%emt 0:00:04]} Bc7 {[%emt 0:03:34]} 24. Ne4 {[%emt 0:00:22]} e5 {[%emt 0:01:35]} 25. Nd6 {[%emt 0:01:29]} Re7 {[%emt 0:00:40]} 26. Bf3 {[%emt 0:02:09]} 1-0

[Event "Fagernes International 2022"]
[Site "Fagernes"]
[Date "2022.04.10"]
[Round "1.9"]
[White "Dybvik, Bjorn Noralf"]
[Black "Ostensen, Nicolai Maxime"]
[Result "0-1"]
[WhiteElo "1487"]
[BlackElo "1728"]
[Annotator "NA RC"]
[PlyCount "78"]
[EventDate "2022.04.10"]
[EventCountry "NOR"]
[SourceTitle "playchess.com"]
[Source "ChessBase"]
[SourceQuality "1"]

1. d4 {[%emt 0:00:12]} d5 {[%emt 0:00:05]} 2. e3 {[%emt 0:00:11]} Nf6 {[%emt 0:00:26]} 3. Bd3 {[%emt 0:00:16]} b6 {[%emt 0:00:43]} 4. Nd2 {[%emt 0:01:16]} Bb7 {[%emt 0:00:21]} 5. f4 {[%emt 0:00:58]} c5 {[%emt 0:00:53]} 6. c3 {[%emt 0:00:37]} Nbd7 {[%emt 0:01:35]} 7. Ngf3 {[%emt 0:00:50]} g6 {[%emt 0:02:57]} 8. O-O {[%emt 0:00:51]} e6 {[%emt 0:02:57]} 9. Ne5 {[%emt 0:01:17]} Bg7 {[%emt 0:00:47]} 10. Bb5 {[%emt 0:04:57]} a6 {[%emt 0:01:49]} 11. Bxd7+ {[%emt 0:01:28]} Nxd7 {[%emt 0:00:08]} 12. b3 {[%emt 0:02:46]} O-O {[%emt 0:01:15]} 13. Ba3 {[%emt 0:03:20]} Rc8 {[%emt 0:02:48]} 14. Rc1 {[%emt 0:01:54]} Nxe5 {[%emt 0:03:09]} 15. fxe5 {[%emt 0:01:30]} a5 {[%emt 0:01:50]} 16. c4 {[%emt 0:03:24]} Qg5 {[%emt 0:03:46]} 17. Qf3 {[%emt 0:04:09]} Bh6 {[%emt 0:01:21]} 18. Rce1 {[%emt 0:02:33]} Rc7 {[%emt 0:02:38]} 19. Qh3 {[%emt 0:03:24]} Bg7 {[%emt 0:06:19]} 20. Rf3 {[%emt 0:09:39]} Rfc8 {[%emt 0:05:48]} 21. Rg3 {[%emt 0:04:56]} Qd8 {[%emt 0:04:23]} 22. Bb2 {[%emt 0:04:01]} Rd7 {[%emt 0:02:09]} 23. Rc1 {[%emt 0:06:28]} Rcc7 {[%emt 0:07:33]} 24. Nf3 {[%emt 0:01:50]} dxc4 {[%emt 0:01:00]} 25. bxc4 {[%emt 0:03:43]} Bxf3 {[%emt 0:00:10]} 26. Rxf3 {[%emt 0:01:26]} Qc8 {[%emt 0:00:47]} 27. Rf2 {[%emt 0:07:09]} cxd4 {[%emt 0:01:49]} 28. Bxd4 {[%emt 0:01:13]} Rxc4 {[%emt 0:00:44]} 29. Rb1 {[%emt 0:02:31]} Rc1+ {[%emt 0:01:13]} 30. Rf1 {[%emt 0:01:58]} Rxf1+ {[%emt 0:00:12]} 31. Rxf1 {[%emt 0:00:47]} Qc6 {[%emt 0:00:28]} 32. Qg4 {[%emt 0:03:09]} b5 {[%emt 0:00:41]} 33. Qe2 {[%emt 0:01:35]} Rd5 {[%emt 0:01:21]} 34. Qb2 {[%emt 0:01:18]} h6 {[%emt 0:03:00]} 35. Rc1 {[%emt 0:01:32]} Qb7 {[%emt 0:00:15]} 36. Kf2 {[%emt 0:04:39]} Kh7 {[%emt 0:00:33]} 37. e4 {[%emt 0:02:31]} Rd8 {[%emt 0:01:08]} 38. Ke3 {[%emt 0:01:08]} h5 {[%emt 0:00:13]} 39. Kd3 {[%emt 0:00:37]} Bxe5 {[%emt 0:00:20]} 0-1

[Event "Fagernes International 2022"]
[Site "Fagernes"]
[Date "2022.04.10"]
[Round "1.10"]
[White "Amundsen, Ask"]
[Black "Smedsrud, Morten S"]
[Result "1-0"]
[WhiteElo "1819"]
[BlackElo "1475"]
[Annotator "NA RC"]
[PlyCount "63"]
[EventDate "2022.04.10"]
[EventCountry "NOR"]
[SourceTitle "playchess.com"]
[Source "ChessBase"]
[SourceQuality "1"]

1. e4 {[%emt 0:04:48]} c6 {[%emt 0:00:45]} 2. d4 {[%emt 0:00:17]} d5 {[%emt 0:00:52]} 3. exd5 {[%emt 0:00:13]} cxd5 {[%emt 0:00:16]} 4. Bd3 {[%emt 0:00:05]} Nc6 {[%emt 0:02:16]} 5. c3 {[%emt 0:00:11]} Nf6 {[%emt 0:04:04]} 6. Bf4 {[%emt 0:00:16]} Bg4 {[%emt 0:10:41]} 7. Qb3 {[%emt 0:00:18]} Qd7 {[%emt 0:03:33]} 8. Nd2 {[%emt 0:01:58]} e6 {[%emt 0:02:40]} 9. Ngf3 {[%emt 0:02:11]} Be7 {[%emt 0:02:29]} 10. O-O {[%emt 0:03:34]} Rc8 {[%emt 0:02:43]} 11. Ne5 {[%emt 0:02:04]} Qc7 {[%emt 0:25:40]} 12. Ng6 {[%emt 0:03:28]} hxg6 {[%emt 0:02:43]} 13. Bxc7 {[%emt 0:00:13]} Rxc7 {[%emt 0:00:02]} 14. h3 {[%emt 0:00:39]} Bf5 {[%emt 0:02:45]} 15. Bxf5 {[%emt 0:02:02]} gxf5 {[%emt 0:00:55]} 16. Rae1 {[%emt 0:04:30]} g5 {[%emt 0:04:46]} 17. f4 {[%emt 0:04:11]} g4 {[%emt 0:07:04]} 18. hxg4 {[%emt 0:00:19]} Nxg4 {[%emt 0:02:02]} 19. Nf3 {[%emt 0:00:54]} Kf8 {[%emt 0:05:29]} 20. g3 {[%emt 0:00:59]} Na5 {[%emt 0:00:58]} 21. Qa4 {[%emt 0:02:07]} Nc4 {[%emt 0:02:35]} 22. Qxa7 {[%emt 0:05:57]} Kg7 {[%emt 0:02:28]} 23. Ne5 {[%emt 0:01:06]} Nce3 {[%emt 0:09:16]} 24. Rf3 {[%emt 0:01:53]} Nxe5 {[%emt 0:00:41]} 25. Rfxe3 {[%emt 0:01:28]} Ng4 {[%emt 0:01:28]} 26. R3e2 {[%emt 0:00:31]} Bd6 {[%emt 0:08:00]} 27. Qb6 {[%emt 0:01:49]} Rd7 {[%emt 0:02:27]} 28. a4 {[%emt 0:01:10]} Rh6 {[%emt 0:00:56]} 29. b4 {[%emt 0:01:21]} e5 {[%emt 0:00:49]} 30. fxe5 {[%emt 0:01:52]} Bxe5 {[%emt 0:00:31]} 31. Qb5 {[%emt 0:01:40]} Bxd4+ {[%emt 0:02:21]} 32. cxd4 {[%emt 0:00:12]} 1-0